| 000 | 00782nam a2200229Ia 4500 | ||
|---|---|---|---|
| 001 | 15706 | ||
| 003 | GE_BSU | ||
| 008 | 181216s||||||||xx |||||||||||||| ||und|| | ||
| 040 | _cGE_BSU | ||
| 080 | _a821.353.1-32 | ||
| 100 | _aწვერავა, ს. | ||
| 245 | _aმოთხრობები | ||
| 245 | _bზღვისპირული ქარი; მოლაშქრენი [და სხვ.] | ||
| 245 | _cრედ.გ.მიქაუტაძე | ||
| 260 | _aთბილისი | ||
| 260 | _bფედერაცია | ||
| 260 | _c1942 | ||
| 300 | _a60გვ. ; 17სმ | ||
| 653 | _aზღვისპირული ქარი; მოლაშქრენი [და სხვ.] | ||
| 653 | _aმოთხრობები | ||
| 942 | _cBK | ||
| 999 |
_c48804 _d48804 |
||